Liedtext-Digimon 02- Wir drehen auf - Statistiken

Allgemein
  • Dieses Quiz wurde 97 mal gespielt
  • Das Durchschnittsergebnis liegt bei 152 aus 209
Antwortstatistiken
Antwort % Korrekt
auf
93%
dreh´n
93%
stehen
93%
wir
93%
Wir
93%
drehen
91%
die
84%
uns
82%
Welt
82%
welt
82%
fest
80%
halten
80%
werden
80%
zusammen
80%
sind
77%
und
77%
befrei´n
75%
du
75%
ein
75%
sein
75%
stark
73%
jeder
70%
kämpfer
70%
Kämpfer
70%
muss
70%
von
70%
der
68%
na
68%
gemeinsam
68%
Gemeinsam
68%
na
68%
stärker
68%
ist
64%
auch
61%
befrei´n
59%
in
59%
mir
59%
Unser
59%
wird
59%
befreien
57%
was
57%
bist
55%
niemals
52%
Weg
52%
Ziel
52%
allein
50%
bei
50%
denn
48%
hier
48%
Land
48%
überall
48%
Bleib
45%
doch
45%
immer
45%
kommen
45%
mich
45%
passiert
45%
unbekannt
45%
geben
43%
wohin
43%
bauen
41%
diesem
41%
Gefahren
41%
gescheh´n
41%
kannst
41%
Lauf
41%
niemand
41%
vertrauen
41%
Dunkelheit
39%
führt
39%
lauern
39%
mehr
39%
stoppt
39%
unser´m
39%
gegen
36%
kämpfen
36%
Nacht
36%
oh
34%
beschützen
30%
wacht
20%
Keine übereinstimmenden Quizze gefunden
Verteilung der Resultate
Anzahl Personen mit jedem Resultat
Perzentil nach korrekt beantworteten Fragen
Ihre Resultats-Entwicklung
Sie haben dieses Quiz noch nicht gespielt